| 000 | 00341nam a2200133Ia 4500 | ||
|---|---|---|---|
| 005 | 20251222141845.0 | ||
| 008 | 251222s9999||||xx |||||||||||||| ||spa|| | ||
| 020 | _a968-16-6171-0 | ||
| 082 | _a868.903/G91C | ||
| 100 | _aGuimaraes Rosa, Joao | ||
| 245 | 0 | _aCampo General y Otros Relatos | |
| 264 | _bFondo de Cultura Económica | ||
| 942 | _cLIB | ||
| 999 |
_c7546 _d7546 |
||